Lei eleitoral anotada : (Record no. 1078)
[ view plain ]
| 000 -LÍDER | |
|---|---|
| Campo Fixo de Controle | 00687nam a2200217 a 4500 |
| 001 - NÚMERO DE CONTROLE | |
| Campo de Controle | 1078 |
| 003 - IDENTIFICAÇÃO DO NÚMERO DE CONTROLE | |
| Campo de Controle | BR-CuiBMT |
| 005 - DATA E HORA DA ÚLTIMA ATUALIZAÇÃO | |
| Campo de Controle | 20231129012835.0 |
| 008 - DADOS FIXOS | |
| Dados Fixos | 231128s2009 spb 000 0 por d |
| 020 ## - INTERNATIONAL STANDARD BOOK NUMBER | |
| Nº do ISBN | 9788502073784 |
| 040 ## - AGÊNCIA CATALOGADORA | |
| Código da Agência Catalogadora | BR-CuiBMT |
| Agência que transcreveu o registro | BR-CuiBMT |
| 080 ## - Nº DA CLASSIFICAÇÃO DECIMAL UNIVERSAL | |
| Nº edição CDU | 2007 |
| Nº Class. CDU | 342.8 |
| 090 ## - NÚMERO DE CHAMADA | |
| Nº classificação | 342.8 |
| Cutter | P853l |
| 100 1# - ENTRADA PRINCIPAL -- AUTOR PESSOAL | |
| Nome pessoal | Porto, Roberto, |
| Datas associadas ao nome | 1968- |
| 245 10 - TÍTULO PRINCIPAL | |
| Título principal | Lei eleitoral anotada : |
| Subtítulo | Lei n. 9.504, de 30-9-1997 / |
| Indicação de responsabilidade | Roberto Porto ; com a colaboração de Fernando Capez. |
| 260 ## - PUBLICAÇÃO, DISTRIBUIÇÃO, ETC. | |
| Local de publicação | São Paulo : |
| Editora | Saraiva, |
| Data | 2009. |
| 300 ## - DESCRIÇÃO FÍSICA | |
| N. páginas ou volumes | 257 p. ; |
| Dimensões | 21 cm |
| 610 14 - ASSUNTO -- ENTIDADE | |
| Nome da Entidade ou lugar | Brasil |
| Título da publicação | [Lei n. 9.504, de 30 de setembro de 1997] |
| 650 ## - ASSUNTO TÓPICO | |
| Cabeçalho tópico ou nome geográfico | Direito eleitoral |
| Subdivisão de forma | Legislação |
| Subdivisão geográfica | Brasil |
| 942 ## - ELEMENTOS DE ENTRADA ADICIONAIS (KOHA) | |
| Fonte de classificação ou esquema de arquivamento | Classificação Decimal Universal |
| Tipo de item do Koha | Livros |
| Estado: removido | Estado: perdido | Fonte de classificação ou esquema de arquivamento | Estado: danificado | Indisponível para empréstimo | Localização permanente | Localização atual | Data de aquisição | Total Checkouts | Número de Chamada completo | Código de barras | Date last seen | Número do exemplar | Preço efetivo a partir de | Tipo de item (Koha) |
|---|---|---|---|---|---|---|---|---|---|---|---|---|---|---|
| Classificação Decimal Universal | Biblioteca da Escola Superior de Contas do TCE/MT | Biblioteca da Escola Superior de Contas do TCE/MT | 02/04/2013 | 342.8 P853l | BIBTCEMT23111221 | 28/11/2023 | Ex. 1 | 28/11/2023 | Livros |